Влияние параметров режима на пространственную устойчивость дуги при сварке алюминиевых сплавов неплавящимся электродом в среде аргона; Вестник науки Сибири; № 4 (10)
| Parent link: | Вестник науки Сибири: электронный научный журнал/ Томский политехнический университет (ТПУ).— , 2011-.— 2226-0064 № 4 (10).— 2013.— [С. 61-66] |
|---|---|
| المؤلف الرئيسي: | |
| مؤلف مشترك: | |
| مؤلفون آخرون: | |
| الملخص: | Заглавие с титульного листа Приведены результаты исследований по влиянию амплитудной модуляции переменного прямоугольного тока на пространственную устойчивость дуги при сварке алюминиевых сплавов неплавящимся электродом в среде аргона. Показано, что увеличение тока обратной полярности до 10 А и более способствует расширению зоны перемещения катодных пятен и, следовательно, большему отклонению дуги от оси вольфрамового электрода. Экспериментально установлено, что при сварке алюминиевых сплавов в широком диапазоне действующих значений переменного прямоугольного тока пространственное положение дуги в период протекания тока прямой полярности занимает практически соосное вольфрамовому электроду положение в случае кратковременного ограничения тока дуги обратной полярности до уровня 5 А на завершающем этапе её горения. |
| اللغة: | الروسية |
| منشور في: |
2013
|
| سلاسل: | Инженерные науки |
| الموضوعات: | |
| الوصول للمادة أونلاين: | http://earchive.tpu.ru/handle/11683/16324 |
| التنسيق: | MixedMaterials الكتروني فصل الكتاب |
| KOHA link: | https://koha.lib.tpu.ru/cgi-bin/koha/opac-detail.pl?biblionumber=527763 |
MARC
| LEADER | 00000naa2a2200000 4500 | ||
|---|---|---|---|
| 001 | 527763 | ||
| 005 | 20240528162056.0 | ||
| 035 | |a (RuTPU)RU\TPU\prd\211506 | ||
| 035 | |a RU\TPU\prd\211505 | ||
| 090 | |a 527763 | ||
| 100 | |a 20140130d2013 k y0rusy50 ca | ||
| 101 | 0 | |a rus | |
| 102 | |a RU | ||
| 135 | |a drnn ---uucaa | ||
| 181 | 0 | |a i | |
| 182 | 0 | |a b | |
| 200 | 1 | |a Влияние параметров режима на пространственную устойчивость дуги при сварке алюминиевых сплавов неплавящимся электродом в среде аргона |f А. С. Киселёв, А. С. Гордынец | |
| 203 | |a Текст |c электронный | ||
| 215 | |a 1 файл (672 Кб) | ||
| 225 | 1 | |a Инженерные науки | |
| 300 | |a Заглавие с титульного листа | ||
| 320 | |a [Библиогр.: с. 66 (13 назв.)] | ||
| 330 | |a Приведены результаты исследований по влиянию амплитудной модуляции переменного прямоугольного тока на пространственную устойчивость дуги при сварке алюминиевых сплавов неплавящимся электродом в среде аргона. Показано, что увеличение тока обратной полярности до 10 А и более способствует расширению зоны перемещения катодных пятен и, следовательно, большему отклонению дуги от оси вольфрамового электрода. Экспериментально установлено, что при сварке алюминиевых сплавов в широком диапазоне действующих значений переменного прямоугольного тока пространственное положение дуги в период протекания тока прямой полярности занимает практически соосное вольфрамовому электроду положение в случае кратковременного ограничения тока дуги обратной полярности до уровня 5 А на завершающем этапе её горения. | ||
| 337 | |a Adobe Reader | ||
| 461 | 1 | |0 (RuTPU)RU\TPU\prd\143680 |x 2226-0064 |t Вестник науки Сибири |o электронный научный журнал |f Томский политехнический университет (ТПУ) |d 2011- | |
| 463 | 1 | |0 (RuTPU)RU\TPU\prd\211275 |t № 4 (10) |v [С. 61-66] |d 2013 | |
| 610 | 1 | |a труды учёных ТПУ | |
| 610 | 1 | |a электронный ресурс | |
| 610 | 1 | |a пространственная дуга | |
| 610 | 1 | |a сварка | |
| 610 | 1 | |a алюминиевые сплавы | |
| 610 | 1 | |a электроды | |
| 610 | 1 | |a аргон | |
| 610 | 1 | |a вольфрамовые электроды | |
| 610 | 1 | |a переменный ток | |
| 610 | 1 | |a амплитудная модуляция | |
| 700 | 1 | |a Киселев |b А. С. |c специалист в области сварочного производства |c заведующий кафедрой Томского политехнического университета, кандидат технических наук |f 1955- |g Алексей Сергеевич |y Томск |3 (RuTPU)RU\TPU\pers\26509 |9 12211 | |
| 701 | 1 | |a Гордынец |b А. С. |c специалист в области сварочного производства |c ассистент Томского политехнического университета |f 1980- |g Антон Сергеевич |3 (RuTPU)RU\TPU\pers\31695 |9 15826 | |
| 712 | 0 | 2 | |a Национальный исследовательский Томский политехнический университет (ТПУ) |b Институт неразрушающего контроля (ИНК) |b Кафедра оборудования и технологии сварочного производства (ОТСП) |3 (RuTPU)RU\TPU\col\18708 |
| 801 | 1 | |a RU |b 63413507 |c 20090623 |g PSBO | |
| 801 | 2 | |a RU |b 63413507 |c 20180115 |g PSBO | |
| 856 | 4 | |u http://earchive.tpu.ru/handle/11683/16324 | |
| 942 | |c BK | ||